Strength of Materials: (Record no. 91612)

MARC details
000 -LEADER
fixed length control field 00705nam a22001817a 4500
005 - DATE AND TIME OF LATEST TRANSACTION
control field 20170606171313.0
020 ## - INTERNATIONAL STANDARD BOOK NUMBER
International Standard Book Number 818743354X
Terms of availability 670.00
020 ## - INTERNATIONAL STANDARD BOOK NUMBER
International Standard Book Number 9788187433545
Terms of availability 670.00
035 ## - SYSTEM CONTROL NUMBER
System control number B-593924
037 ## - SOURCE OF ACQUISITION
Stock number dpl
Source of stock number/acquisition Pansy Books
100 ## - MAIN ENTRY--PERSONAL NAME
Personal name Ramamrutham, S.
245 ## - TITLE STATEMENT
Title Strength of Materials:
Remainder of title for engineering degree, diploma and A.M.I.E. students/
Statement of responsibility, etc by S.Ramamrutham [and] R. Narayanan
260 ## - PUBLICATION, DISTRIBUTION, ETC. (IMPRINT)
Place of publication, distribution, etc New Delhi
Name of publisher, distributor, etc Dhanpat Rai Publishing Co.
Date of publication, distribution, etc 2014
270 ## - ADDRESS
Address 4779/23, Ansari Road, Darya Ganj
City New Delhi
Postal code 110002
300 ## - PHYSICAL DESCRIPTION
Extent 1383p.:
Other physical details ill.
Dimensions 27cm(pbk)
942 ## - ADDED ENTRY ELEMENTS (KOHA)
Source of classification or shelving scheme Dewey Decimal Classification
Item type English Books
Call number suffix RAM
Holdings
Withdrawn status Lost status Materials specified (bound volume or other part) Not for loan Collection code Home library Current library Date acquired Source of acquisition Cost, normal purchase price Full call number Barcode Copy number Cost, replacement price Koha item type
    RP   Non-fiction Sarojini Nagar Sarojini Nagar 19/02/2015 Pansy Books/1497/13.02.2015/order No.Nil/dt.Nil/19.02.2015 670.00 RAM B-593924 1 670.00 English Books

© Delhi Public Library
Hit Counter
free hit counter